Graphene based nanomaterials : application in food, agriculture and healthcare (Record no. 30592)

MARC details
000 -LEADER
fixed length control field 00601nam a2200181Ia 4500
020 ## - INTERNATIONAL STANDARD BOOK NUMBER
ISBN 978-1-032-29237-3
050 ## - CALL MARK
Classification number QD 381 .G73/
100 ## - STATEMENT OF RESPONSIBILITY--MAIN AUTHOR NAME
Personal name Edited by Yugal Kishore Mohanta, Kunal Biswas, Saurov Mahanta, and Saravanan Muthupandian.
245 #0 - TITLE STATEMENT
Title Graphene based nanomaterials : application in food, agriculture and healthcare
260 ## - PUBLICATION, DISTRIBUTION, ETC. (IMPRINT)
Place of publication Boca Raton, FL
260 ## - PUBLICATION, DISTRIBUTION, ETC. (IMPRINT)
Name of publisher CRC Press
260 ## - PUBLICATION, DISTRIBUTION, ETC. (IMPRINT)
Year of publication 2024
300 ## - PHYSICAL DESCRIPTION
Number of Pages 325 p
650 ## - SUBJECT ADDED ENTRY--TOPICAL TERM
Topical Term Graphene Biochemistry Biomedical Applications of Nanomaterials
942 ## - ADDED ENTRY ELEMENTS (KOHA)
Koha item type Books
Holdings
Withdrawn status Lost status Source of classification or shelving scheme Damaged status Not for loan Permanent Location Current Location Shelving location Date acquired Accession Number Price effective from Koha item type
    Library of Congress Classification     NILE UNIVERSITY OF NIGERIA - MAIN LIBRARY NILE UNIVERSITY OF NIGERIA - MAIN LIBRARY Items on shelf 04/23/2025 0197632 04/23/2025 Books